| 000 | 00651nam a22001937a 4500 | ||
|---|---|---|---|
| 005 | 20100730121614.0 | ||
| 010 | _aENG-97020 | ||
| 020 |
_a9789380348131 _c595.00 |
||
| 035 | _aEN-80553 | ||
| 037 | _bDBAD/PUB | ||
| 082 | _a921 | ||
| 100 |
_aMishra, S.K. _93749 |
||
| 245 |
_aLife and works of Anita Desai / _cS.K. Mishra |
||
| 260 |
_aKanpur _bBhasker Publications _c2009 |
||
| 270 |
_a73, Mangla Vihar II, Behind Anoop Hospital _bKanpur _e208015 |
||
| 300 |
_a204p. _c22cm (Hb) |
||
| 942 |
_2ddc _cEN _h921 _mDES |
||
| 999 |
_c38226 _d38226 |
||